Rise of the guardians (Record no. 562)
[ view plain ]
| 000 -LEADER | |
|---|---|
| fixed length control field | 02831cgm a2200637Ia 4500 |
| 003 - CONTROL NUMBER IDENTIFIER | |
| control field | data |
| 005 - DATE AND TIME OF LATEST TRANSACTION | |
| control field | 20260322212025.0 |
| 007 - PHYSICAL DESCRIPTION FIXED FIELD--GENERAL INFORMATION | |
| fixed length control field | data |
| 008 - FIXED-LENGTH DATA ELEMENTS--GENERAL INFORMATION | |
| fixed length control field | data |
| 020 ## - INTERNATIONAL STANDARD BOOK NUMBER | |
| International Standard Book Number | 141576994X |
| 020 ## - INTERNATIONAL STANDARD BOOK NUMBER | |
| International Standard Book Number | 9781415769942 |
| 024 1# - OTHER STANDARD IDENTIFIER | |
| Standard number or code | 097361329840 |
| 028 42 - PUBLISHER OR DISTRIBUTOR NUMBER | |
| Publisher or distributor number | 132984 |
| Source | Dreamworks Animated |
| 037 ## - SOURCE OF ACQUISITION | |
| Source of stock number/acquisition | Midwest Tape |
| Note | http://www.midwesttapes.com |
| 040 ## - CATALOGING SOURCE | |
| Original cataloging agency | TEFMT |
| Transcribing agency | TEFMT |
| Modifying agency | IBI |
| -- | BDX |
| -- | NQC |
| -- | IMD |
| -- | NBT |
| -- | IHV |
| -- | IK2 |
| -- | APL |
| -- | OCLCO |
| -- | UPZ |
| -- | JRI |
| -- | IUL |
| -- | IBI |
| 041 1# - LANGUAGE CODE | |
| Language code of text/sound track or separate title | spa |
| -- | fre |
| -- | spa |
| Language code of subtitles | spa |
| -- | fre |
| -- | spa |
| Language code of original | eng |
| 050 #4 - LIBRARY OF CONGRESS CALL NUMBER | |
| Classification number | PN1997 |
| Item number | .R57 2013 |
| 082 04 - DEWEY DECIMAL CLASSIFICATION NUMBER | |
| Classification number | 791.43/72 |
| Edition information | 23 |
| 099 ## - LOCAL FREE-TEXT CALL NUMBER (OCLC) | |
| Classification number | DVD 950 |
| 001 - CONTROL NUMBER | |
| control field | data |
| 245 10 - TITLE STATEMENT | |
| Title | Rise of the guardians |
| Medium | [videorecording] / |
| Statement of responsibility, etc. | Christina Steinberg ... [et al.]. |
| 260 ## - PUBLICATION, DISTRIBUTION, ETC. | |
| Place of publication, distribution, etc. | Glendale, CA : |
| Name of publisher, distributor, etc. | Paramount, |
| -- | Paramount, |
| Date of publication, distribution, etc. | 2013. |
| 300 ## - PHYSICAL DESCRIPTION | |
| Extent | 1 videodisc (97 min.) : |
| Other physical details | sd., col. ; |
| Dimensions | 4 3/4 in. |
| 500 ## - GENERAL NOTE | |
| General note | Based on "Guardians of childhood", the book series by William Joyce and "The man in the moon" a Reel FX short film directed by William Joyce. |
| 500 ## - GENERAL NOTE | |
| General note | Originally released as a motion picture in 2012. |
| 500 ## - GENERAL NOTE | |
| General note | Special features: Dreamers & believers; Sandy's dream guide; more magic; filmmakers' commentary; previews; world of DreamWorks animation. |
| 508 ## - CREATION/PRODUCTION CREDITS NOTE | |
| Creation/production credits note | Music by Alexandre Desplat ; editor, Joyce Arrastia. |
| 511 0# - PARTICIPANT OR PERFORMER NOTE | |
| Participant or performer note | Voices: Alec Baldwin, Jude Law, Hugh Jackman, Chris Pine, Isla Fisher. |
| 520 ## - SUMMARY, ETC. | |
| Summary, etc. | When an evil spirit known as Pitch lays down the gauntlet to take over the world, the immortal Guardians must join forces for the first time to protect the hopes, beliefs, and imagination of children all over the world. |
| 521 8# - TARGET AUDIENCE NOTE | |
| Target audience note | Rating: PG; for thematic elements and some mildly scary action. |
| 538 ## - SYSTEM DETAILS NOTE | |
| System details note | DVD; region 1, widescreen enhanced for 16x9 TVs, Dolby Digital 5.1 surround, Dolby Digital 2.0, NTSC. |
| 546 ## - LANGUAGE NOTE | |
| Language note | English, French or Spanish dialogue, with optional English, Spanish or French subtitles; closed-captioned. |
| 600 10 - SUBJECT ADDED ENTRY--PERSONAL NAME | |
| Personal name | Joyce, William, |
| Dates associated with a name | 1957- |
| Form subdivision | Film adaptations. |
| 650 #0 - SUBJECT ADDED ENTRY--TOPICAL TERM | |
| Topical term or geographic name entry element | Good and evil |
| Form subdivision | Juvenile films. |
| 650 #0 - SUBJECT ADDED ENTRY--TOPICAL TERM | |
| Topical term or geographic name entry element | Spirits |
| Form subdivision | Juvenile films. |
| 650 #0 - SUBJECT ADDED ENTRY--TOPICAL TERM | |
| Topical term or geographic name entry element | Heroes |
| Form subdivision | Juvenile films. |
| 655 #7 - INDEX TERM--GENRE/FORM | |
| Genre/form data or focus term | Feature films. |
| Source of term | lcgft. |
| 655 #7 - INDEX TERM--GENRE/FORM | |
| Genre/form data or focus term | Fantasy films. |
| Source of term | lcgft. |
| 655 #7 - INDEX TERM--GENRE/FORM | |
| Genre/form data or focus term | Children's films. |
| Source of term | lcgft. |
| 655 #7 - INDEX TERM--GENRE/FORM | |
| Genre/form data or focus term | Animated films. |
| Source of term | lcgft. |
| 655 #7 - INDEX TERM--GENRE/FORM | |
| Genre/form data or focus term | Action and adventure films. |
| Source of term | lcgft. |
| 655 #7 - INDEX TERM--GENRE/FORM | |
| Genre/form data or focus term | Fiction films. |
| Source of term | lcgft. |
| 700 1# - ADDED ENTRY--PERSONAL NAME | |
| Personal name | Steinberg, Christina. |
| 700 1# - ADDED ENTRY--PERSONAL NAME | |
| Personal name | Bernstein, Nancy |
| Titles and other words associated with a name | (Producer) |
| 700 1# - ADDED ENTRY--PERSONAL NAME | |
| Personal name | Ramsey, Peter. |
| 700 1# - ADDED ENTRY--PERSONAL NAME | |
| Personal name | Lindsay-Abaire, David. |
| 700 1# - ADDED ENTRY--PERSONAL NAME | |
| Personal name | Baldwin, Alec, |
| Dates associated with a name | 1958- |
| 700 1# - ADDED ENTRY--PERSONAL NAME | |
| Personal name | Law, Jude, |
| Dates associated with a name | 1972- |
| 700 1# - ADDED ENTRY--PERSONAL NAME | |
| Personal name | Jackman, Hugh. |
| 700 1# - ADDED ENTRY--PERSONAL NAME | |
| Personal name | Pine, Chris, |
| Dates associated with a name | 1980- |
| 700 1# - ADDED ENTRY--PERSONAL NAME | |
| Personal name | Fisher, Isla, |
| Dates associated with a name | 1976- |
| 700 1# - ADDED ENTRY--PERSONAL NAME | |
| Personal name | Desplat, Alexandre. |
| 700 1# - ADDED ENTRY--PERSONAL NAME | |
| Personal name | Joyce, William, |
| Dates associated with a name | 1957- |
| Title of a work | Guardians of childhood. |
| 710 2# - ADDED ENTRY--CORPORATE NAME | |
| Corporate name or jurisdiction name as entry element | DreamWorks Animation. |
| 710 2# - ADDED ENTRY--CORPORATE NAME | |
| Corporate name or jurisdiction name as entry element | Paramount Pictures Corporation. |
| Withdrawn status | Lost status | Damaged status | Not for loan | Home library | Current library | Shelving location | Date acquired | Total checkouts | Full call number | Barcode | Date last seen | Price effective from | Koha item type |
|---|---|---|---|---|---|---|---|---|---|---|---|---|---|
| Centerville | Centerville | General stacks | 22/03/2026 | 791.43/72 23 | BC0010575 | 22/03/2026 | 22/03/2026 | Books |